Sports Quiz

Random Sports or Baseball Quiz

MLB League Leaders (2012) Quiz Stats

 Plays Quiz not verified by Sporcle

Challenge
Share
Tweet
Embed
Score 0/28 Timer 05:00
0 Plays Today
Category Leader % Correct
AL Batting AverageMiguel Cabrera
100%
AL Home RunsMiguel Cabrera
100%
AL RBIMiguel Cabrera
100%
NL Home RunsRyan Braun
94.8%
NL RunsRyan Braun
94.8%
AL Stolen BasesMike Trout
93.8%
AL RunsMike Trout
93.8%
NL HitsAndrew McCutchen
90.6%
AL Earned Run Average (ERA)David Price
89.6%
AL WinsDavid Price
89.6%
NL Batting AverageBuster Posey
88.5%
AL HitsDerek Jeter
87.5%
NL Earned Run Average (ERA)Clayton Kershaw
87.5%
AL Pitcher StrikeoutsJustin Verlander
87.5%
Category Leader % Correct
AL Innings PitchedJustin Verlander
87.5%
NL SavesCraig Kimbrel
82.3%
NL Stolen BasesEvereth Cabrera
78.1%
AL Hitter StrikeoutsAdam Dunn
76%
NL WinsGio Gonzalez
75%
AL DoublesAlex Gordon
70.8%
NL RBIChase Headley
69.8%
AL SavesJim Johnson
64.6%
NL TriplesAngel Pagan
60.4%
NL Pitcher StrikeoutsR.A. Dickey
60.4%
NL Innings PitchedR.A. Dickey
60.4%
AL TriplesAustin Jackson
40.6%
NL DoublesAramis Ramirez
38.5%
NL Hitter StrikeoutsDanny Espinosa
29.2%

You're not logged in!

Compare scores with friends on all Sporcle quizzes.
Join for Free
OR
Log In

You Might Also Like...

Show Comments

Extras

Top Quizzes Today


Score Distribution

Your Account Isn't Verified!

In order to create a playlist on Sporcle, you need to verify the email address you used during registration. Go to your Sporcle Settings to finish the process.

Report this User

Report this user for behavior that violates our Community Guidelines.

Details: